00516nam a2200193 a 4500001001300000003000900013005001700022008004100039020001000080082001600090100002100106245004700127260004200174300000800216500003500224505001000259650003200269700002100301nice12345678IN_TiNIC20260116013240.0050524s1985 dela grp 000 0 eng  ac35000a709.07bPAR aParihar, Subhash aMughal Monuments in the Punjab and Haryana aDelhibInter-India Publicationsc1985 a64p aincludes index and biblioraphy2 aNotes aIslamic-Architecture Mughal1 aParihar, Subhash